Vista normal Vista MARC

Entrada Materia (tema)

Número de registros utilizados en: 1

001 - CONTROL NUMBER

  • control field: 183508

003 - CONTROL NUMBER IDENTIFIER

  • control field: Co-BoUCM

005 - DATE AND TIME OF LATEST TRANSACTION

  • control field: 20241016072208.0

008 - FIXED-LENGTH DATA ELEMENTS

  • fixed length control field: 241016|| aca||aabn | a|a d

040 ## - CATALOGING SOURCE

  • Original cataloging agency: Co-BoUCM
  • Transcribing agency: Co-BoUCM

150 ## - HEADING--TOPICAL TERM

  • Topical term or geographic name as entry element: Filosofía
  • General subdivision: Islamismo

670 ## - SOURCE DATA FOUND

  • Source citation: Work cat.: (Co-BoUCM): Mondragón Meza, Gabriela 183505, En búsqueda de la religión , 2022